| 000 | 00367nam a22001457a 4500 | ||
|---|---|---|---|
| 003 | macl | ||
| 005 | 20151106115423.0 | ||
| 008 | 151106b xxu||||| |||| 00| 0 eng d | ||
| 040 | _cmacl | ||
| 041 | _aEnglish | ||
| 100 |
_aChetananand Singh _917255 |
||
| 245 | _aEnglish Is Easy If You Follow This Book | ||
| 260 |
_aDelhi _bBSC Publishing _c1997 |
||
| 942 |
_2ddc _cBK |
||
| 999 |
_c50578 _d50578 |
||